• 首页
  • 本馆介绍
  • 公告通知
  • 最新文献
  • 馆藏检索
  • 电子资源
  • 读者导购
  • 参考咨询
  • 我的图书馆
  • 登录
  • 详细信息显示
  • 放入我的书架
  • 预约/预借图书
  • 作者相关作品
  • 分类相关作品
  • 丛书相关作品
  • 出版社相关作品

书目信息

  • 表格格式
  • 工作单格式
  • 卡片格式
题名:
歷代名畫記
    
 
作者: 张彦远 撰
分册:  
出版信息: 杭州   浙江人民美术出版社  2019
页数: 182页
开本: 21cm
丛书名: 藝術文獻集成
单 册:
中图分类: J209.22
科图分类:
主题词: 中国画--绘画史--中国--古代
电子资源:
ISBN: 978-7-5340-7466-0
000 00953nam 2200265 450
001 2367630868
005 20231224132329.38
010    @a978-7-5340-7466-0@dCNY49.80
100    @a20191211d2019 em y0chiy50 ea
101 0  @achi
102    @aCN@b330000
105    @ay z 000yy
200 1  @a歷代名畫記@Ali dai ming hua ji@f(唐) 張彥遠
210    @a杭州@c浙江人民美术出版社@d2019
215    @a182页@d21cm
225 2  @a藝術文獻集成@Ayi shu wen xian ji cheng
330    @a“艺术文献集成”搜集中国古代艺术方面的经典原著, 以可靠的版本为底本, 并予以重新校点整理, 本书即是其中的一种。是为唐人张彦远为前代画人、画论张本之书, 收入前贤论画之作及名家名作上百种。
410  0 @12001 @a藝術文獻集成
518 1  @a历代名画记@Ali dai ming hua ji
606 0  @a中国画@x绘画史@y中国@z古代
690    @aJ209.22@v5
701  0 @a张彦远@Azhang yan yuan@4撰
730 1  @a張彥遠@Azhang yan yuan@4撰
801  0 @aCN@b湖北三新@c20191211
905    @aBZT@dJ209.22@e11
    
    歷代名畫記/(唐) 張彥遠.-杭州:浙江人民美术出版社,2019
    182页;21cm.-(藝術文獻集成)
    
    
    ISBN 978-7-5340-7466-0:CNY49.80
    “艺术文献集成”搜集中国古代艺术方面的经典原著, 以可靠的版本为底本, 并予以重新校点整理, 本书即是其中的一种。是为唐人张彦远为前代画人、画论张本之书, 收入前贤论画之作及名家名作上百种。
●
相关链接 在五车中查询图书 在当当中查询图书 在豆瓣中查询图书


正题名:歷代名畫記     索取号:J209.22/11         预约/预借

序号 登录号 条形码 馆藏地/架位号 状态 备注
1 2001297700   2001297700   安徽(三新转)/安徽时代(第一批)/1137/ [索取号:J209.22/11] 在馆    
2 2001297701   2001297701   安徽(三新转)/安徽时代(第一批)/1137/ [索取号:J209.22/11] 在馆    
3 2001297702   2001297702   安徽(三新转)/安徽时代(第一批)/1137/ [索取号:J209.22/11] 在馆    
4 2001297703   2001297703   安徽(三新转)/安徽时代(第一批)/1137/ [索取号:J209.22/11] 在馆    
5 2001297704   2001297704   安徽(三新转)/安徽时代(第一批)/1137/ [索取号:J209.22/11] 在馆    
6 2001297705   2001297705   安徽(三新转)/安徽时代(第一批)/1137/ [索取号:J209.22/11] 在馆    
7 2001297706   2001297706   三新/湖北三新(第三批)/1137/ [索取号:J209.22/11] 在馆    
8 2001297707   2001297707   三新/湖北三新(第三批)/1137/ [索取号:J209.22/11] 在馆    
9 2001297708   2001297708   三新/湖北三新(第三批)/1137/ [索取号:J209.22/11] 在馆    
10 2001297709   2001297709   三新/湖北三新(第三批)/1137/ [索取号:J209.22/11] 在馆    
11 2001297710   2001297710   三新/湖北三新(第三批)/1137/ [索取号:J209.22/11] 在馆    
12 2001297711   2001297711   三新/湖北三新(第三批)/1137/ [索取号:J209.22/11] 在馆    
13 2001297712   2001297712   三新/湖北三新(第三批)/1137/ [索取号:J209.22/11] 在馆    
14 2001297713   2001297713   三新/湖北三新(第三批)/1137/ [索取号:J209.22/11] 在馆    
15 2001297714   2001297714   三新/湖北三新(第三批)/1137/ [索取号:J209.22/11] 在馆    
16 2001297715   2001297715   三新/湖北三新(第三批)/1137/ [索取号:J209.22/11] 在馆    
17 2001297716   2001297716   三新/湖北三新(第三批)/1137/ [索取号:J209.22/11] 在馆    
18 2001297717   2001297717   三新/湖北三新(第三批)/1137/ [索取号:J209.22/11] 在馆    
19 2001297718   2001297718   三新/湖北三新(第三批)/1137/ [索取号:J209.22/11] 在馆    
20 2001297719   2001297719   三新/湖北三新(第三批)/1137/ [索取号:J209.22/11] 在馆    
21 2001297720   2001297720   三新/湖北三新(第三批)/1137/ [索取号:J209.22/11] 在馆    
22 2001297721   2001297721   三新/湖北三新(第三批)/1137/ [索取号:J209.22/11] 在馆    
23 2001297722   2001297722   三新/湖北三新(第三批)/1137/ [索取号:J209.22/11] 在馆    
24 2001297723   2001297723   三新/湖北三新(第三批)/1137/ [索取号:J209.22/11] 在馆    
25 2001297724   2001297724   三新/湖北三新(第三批)/1137/ [索取号:J209.22/11] 在馆    
26 2001297725   2001297725   三新/湖北三新(第三批)/1137/ [索取号:J209.22/11] 在馆    
27 2001297726   2001297726   三新/湖北三新(第三批)/1137/ [索取号:J209.22/11] 在馆    
28 2001297727   2001297727   三新/湖北三新(第三批)/1137/ [索取号:J209.22/11] 在馆    
29 2001297728   2001297728   三新/湖北三新(第三批)/1137/ [索取号:J209.22/11] 在馆    
山东省滨州职业学院图书馆 欢迎您!
大连网信软件有限公司© 版权所有